Statystyki dla Państwa leżące najbliżej Turcji

Kliknij tutaj aby rozwiązać quiz!

Ogólne statystyki

  • Ten quiz został rozwiązany 1 762 razy
  • Średni wynik to 16 z 20

Statystyki odpowiedzi

kmPaństwo% Poprawnych
0Grecja
96%
0Irak
92%
0Iran
92%
0Bułgaria
91%
0Gruzja
87%
136Rosja
87%
285Izrael
86%
0Syria
86%
198Rumunia
85%
0Armenia
83%
322Serbia
82%
0Azerbejdżan
81%
69Cypr
80%
274Macedonia
79%
420Albania
76%
409Ukraina
72%
388Kosowo
71%
387Mołdawia
68%
342Jordania
67%
125Liban
64%

Rozkład punktacji

Percentyl według liczby udzielonych odpowiedzi

Procent ludzi z każdym wynikiem

Twoja historia wyników

Nie rozwiązałeś tego quizu